000
00223nam a2200097Ia 4500
005
20251222175817.0
008
251222s9999||||xx |||||||||||||| ||spa||
082
_a
DVD0070/H51/1996
245
0
_a
Claroscuro:Shine
942
_c
DVD
999
_c
40358
_d
40358